Statistics for Monstercat Uncaged Vol. 10 Quiz

Click here to take the quiz!

General Stats

  • This quiz has been taken 3 times
  • The average score is 32 of 40

Answer Stats

ArtistSong% Correct
CrankdatDark Room
100%
KUURODon't Stop
100%
Gammer & Darren StylesDYSYLM
100%
KageFeel Me
100%
KovenGood Enough
100%
Stonebank & EMELHealing Me
100%
Dirty Audio & ETC!ETC!Ice Box
100%
Cyazon & EssengerNeo Soul
100%
Pixel TerrorOmega
100%
TYNANRockin
100%
Justin OH, Feint & MazareShe's A Killer Part 2
100%
Sullivan KingSomeone Else
100%
MUZZ (Feat. Cammie Robinson)Star Glide
100%
KageThe Raid
100%
BensleyVex
100%
Bossfight & Philip StrandVoices
100%
Protostar (Feat. Megan Lenius)Without You
100%
MUZZ (Feat. Koven)Catharsis
67%
KUUROCrash & Burn
67%
Pixel Terror (Feat. DYSON)Dilemma
67%
SlippyDying
67%
F.O.O.L & The ForgottenDystopia 2077
67%
BensleyFade Out
67%
Slippy & Micah MartinFatal
67%
SlippyForm
67%
F.O.O.L & SKUMHysteria
67%
Justin OH & Nitro FunKillswitch
67%
Pegboard Nerds & More PlasticManifest
67%
F.O.O.L & Power GloveMercenary
67%
MUZZ (Feat. MVE)Out There
67%
Tisoki (Feat. Courtney Drummey)Sideways
67%
MUZZ (Feat. Danyka Nadeau)Somewhere Else
67%
Nitro FunSystem Failure
67%
CrankdatTell Me
67%
Mazare & Monika SantucciThat's On You
67%
Stonebank & EMELTime
67%
Mazare & Young MedicineVagrant
67%
Au5 & ChimeVoidwalkers
67%
Nitro FunWarp Zone
67%
MUZZStart Again
33%

Score Distribution

Percentile by Number Answered

Percent of People with Each Score

Your Score History

You have not taken this quiz